00418nam a2200121Ia 4500008004100000082002100041100003000062245001500092260003900107300000900146630001800155650012300173211109s9999||||xx |||||||||||||| ||und|| a894.8121 bULL-K aParameswaraiyer, Ulloor S 0aKiranavali bNATIONAL BOOKSTALLaKottayamc1935 a50p. xGeneral Stack aLiteratures of other languagesvAltaic, Uralic, Hyperborean & DravidianMalayalam LiteratureMalayalam PoetryxGeneralia